000 00358nam a2200133Ia 4500
008 211109s9999||||xx |||||||||||||| ||und||
082 _a894.8124
_bSAN-S
100 _aSankaran Nampiyar P M,
245 0 _aSahithya Lekhanam
260 _bNATIONAL BOOKSTALL
_aKottayam
_c1998
630 _xGeneral Stack
650 _aMalayalam Essays
_xMalayalam
942 _cBOOK
999 _c1335
_d1335